01120cam a2200277 a 450000100090000000300040000900500170001300800410003001000170007102000180008802000150010604000180012105000210013908200210016010000270018124500890020824600410029725000120033826000460035030000760039650400510047253802490052365000230077270000280079570000190082314922419OSt20170301151744.0070710s2007 moua b 001 0 eng  a 2007277649 a9780323039635 a0323039634 aDLCcDLCdDLC00aRJ245b.W47 200700a618.92/002312221 aWong, Donna L.,d1948-10aWong's nursing care of infants and children /cMarilyn J. Hockenberry, David Wilson.30aNursing care of infants and children a8th ed. aSt. Louis, Mo. :bMosby/Elsevier,cc2007. axxxii, 1960 p. :bill. (chiefly col.) ;c29 cm. +e1 CD-ROM (4 3/4 in.) aIncludes bibliographical references and index. aSystem requirements for accompanying computer disc: Windows: 486, Pentium, or faster processor, Windows 95, 98, NT, 2000, ME, XP, or higher; 64 MB RAM; 8x or faster CD-ROM drive, VGA monitor supporting thousands of colors (16 bit) or Macintosh. 0aPediatric nursing.1 aHockenberry, Marilyn J.1 aWilson, David.